| 000 | 00618nam a22002177a 4500 | ||
|---|---|---|---|
| 005 | 20170124110050.0 | ||
| 010 | _aB-081285 | ||
| 020 |
_c150.00 _a8173241268 |
||
| 035 | _aB-081285 | ||
| 037 | _bCen Lib/Ret | ||
| 040 |
_aDPL _bEN |
||
| 082 |
_a796.343 _bJAI |
||
| 100 |
_aJain, N. _979842 |
||
| 245 |
_aPlay and learn : _cby N. Jain _bsquash / |
||
| 260 |
_aNew Delhi _bKhel Sahitya Kendra _c2003 |
||
| 270 |
_a4264/3, Ansari Road, Dariya Ganj _bNew delhi _e110002 |
||
| 300 |
_a108p. _b21cm(Hb) |
||
| 650 |
_aSports _979843 |
||
| 650 |
_aSquash _925215 |
||
| 942 |
_2ddc _cEN _h796.343 _kJAI |
||
| 999 |
_c129046 _d129046 |
||